000 00540nam a2200169 i 4500
001 110533
003 ES-MaACL
005 20230906185057.0
007 t|
008 070129s1946 fr ||||1| fre d
080 _a821.133.1-23"19"
100 1 _aGiraudoux, Jean.
_957248
245 1 3 _aLa folle de Chaillot
_b: pièce en deux actes /
_cJean Giraudoux.
260 _aParis :
_bBernard Grasset,
_c[1946]
300 _a185 p., [2] h. de lám. ;
_c19 cm.
852 4 _aES-MaACL
_jE-11572
_9R.139602
_z. - Biblioteca Jacinto Martínez Lacalle
999 _c110533
_d110533